• AIU
  • Tony Wilmot Memorial Library

Ren kpan nyu suswe /. (Record no. 40115)

MARC details
000 -LEADER
fixed length control field 00786nam a22002411a 4500
003 - CONTROL NUMBER IDENTIFIER
control field OSt
005 - DATE AND TIME OF LATEST TRANSACTION
control field 20110718133155.0
008 - FIXED-LENGTH DATA ELEMENTS--GENERAL INFORMATION
fixed length control field 091005s1999 001 0 eng d
020 ## - INTERNATIONAL STANDARD BOOK NUMBER
Terms of availability 0.00
040 ## - CATALOGING SOURCE
Original cataloging agency NEGST Library - Kenya
Language of cataloging DLC
Transcribing agency DLC
Modifying agency DLC
050 #4 - LIBRARY OF CONGRESS CALL NUMBER
Classification number REF BS 325.M33 1999
100 1# - MAIN ENTRY--PERSONAL NAME
Personal name Bass, Louise.
9 (RLIN) 8069
245 10 - TITLE STATEMENT
Title Ren kpan nyu suswe /.
260 ## - PUBLICATION, DISTRIBUTION, ETC. (IMPRINT)
Name of publisher, distributor, etc Nigeria Bible Translatio,
Date of publication, distribution, etc 1999.
300 ## - PHYSICAL DESCRIPTION
Extent 564 p. : ill., m.
500 ## - GENERAL NOTE
General note "The New Testament in the Mada language of Nigeria." - T.p. verso. [Africana]
600 10 - SUBJECT ADDED ENTRY--PERSONAL NAME
Personal name Mada language - Texts.
9 (RLIN) 8070
600 10 - SUBJECT ADDED ENTRY--PERSONAL NAME
Personal name Bible. N.T. Mada. 1999.
9 (RLIN) 8071
700 1# - ADDED ENTRY--PERSONAL NAME
Personal name Wycliffe Bible Translators.
9 (RLIN) 7862
700 1# - ADDED ENTRY--PERSONAL NAME
Personal name Nigeria Bible Translation Trust.
942 ## - ADDED ENTRY ELEMENTS (KOHA)
Source of classification or shelving scheme Library of Congress Classification
Koha item type Books
Holdings
Withdrawn status Lost status Source of classification or shelving scheme Damaged status Not for loan Collection code Home library Current library Shelving location Date acquired Source of acquisition Cost, normal purchase price Full call number Barcode Date last seen Price effective from Koha item type
    Library of Congress Classification     Reference AIU/NEGST - Tony Wilmot Memorial Library AIU/NEGST - Tony Wilmot Memorial Library Reference 10/05/2009 donation 4.00 REF BS 325.M33 1999 R41727A3232 09/26/2019 10/05/2009 Africana collection ( Reference)